Dostupnosť bola dôležitejšia ako cena

Nárast záujmu slovenských zákazníkov o tovar spojený s trávením voľného času v čase pandémie. Spotrebitelia začali okrem športového sortimentu vyhľadávať aj rekreačné chaty. Kľúčom k úspechu boli široké cenové rozpätie a dostupnosť.

Enregistré dans:
Détails bibliographiques
Auteur principal: Petrášová, Michaela
Format: Chapitre de livre
Langue:slovaque
Sujets:
Tags: Ajouter un tag
Pas de tags, Soyez le premier à ajouter un tag!

MARC

LEADER 00000naa a2200000 4500
001 0278106
005 20210903091826.1
041 0 |a slo 
044 |a SK 
245 1 0 |a Dostupnosť bola dôležitejšia ako cena  |c Michaela Petrášová 
520 |a Nárast záujmu slovenských zákazníkov o tovar spojený s trávením voľného času v čase pandémie. Spotrebitelia začali okrem športového sortimentu vyhľadávať aj rekreačné chaty. Kľúčom k úspechu boli široké cenové rozpätie a dostupnosť. 
610 2 0 |a čas voľný 
610 2 0 |a šport 
610 2 0 |a rekreácia 
610 2 0 |a správanie spotrebiteľa 
610 2 0 |a pandémia 
610 2 0 |a ceny 
100 1 |a Petrášová, Michaela